Responses for show #5952 - Tuesday, June 29, 2010

Contestants

Steven Milton, a legal case assistant from San Diego, California

Christopher Scheeren, a stage actor and product specialist from Centreville, Virginia

Janet Bradlow, an insurance agent from New York, New York (whose 3-day cash winnings total $58,000)

Jeopardy! Round responses

NOTRE DAME
GO IRISH!
OSCAR-NOMINATED SPORTS FLICKS
ALL ABOARD AMTRAK
SAME FIRST & LAST LETTER
BANANAS
(Kelly: They're the product of a very, very tropical equator, so we have clues from a plantation in Ecuador.)
    $200 26
the Seine

Steven
    $200 19
Dublin

Steven
    $200 11
Jerry Maguire

Steven
    $200 16
Montreal

Steven
    $200 1
pulp

Steven
    $200 6
a crown

Steven
    $400 27
(Janet: Who is Janus?)
(Alex: No.)
(Janet: [*]!)
...
(Alex: You didn't correct yourself in time, Janet. Sorry.)

Jupiter

JanetSteven
    $400 20
lamb

Janet
    $400 12
(Steven: What is Eight Men Out?)

Field of Dreams

JanetSteven
    $400 17
the City of New Orleans

Steven
    $400 2
grog

Janet
    $400 7
water

Christopher
    $600 28
Napoleon Bonaparte

Steven
    $600 23
St. Patrick

Steven
    $600 13
Raging Bull

Christopher
    $600 18
Albuquerque

Christopher
    $1,000 3
aura

Janet
    $600 8
fructose

Janet
    $800 29
(Christopher: What is Pan Am?)
[The end-of-round signal sounds.]

Air France

ChristopherSteven
    $800 24
(Alex: Correct, with a minute to go.)

a Kerry blue terrier

Janet
    $800 14
Rocky

Janet
    $800 21
(Steven: Who is William Henry Harrison?)

Ethan Allen

Steven
Triple Stumper
    $800 4
labial

Steven
    $800 9
(Christopher: What is a spice?)

an herb

JanetChristopher
    $1000 25
Bob Geldof

Steven
    $1000 15
(Alex: And that film was called [*] and it was about Lou Gehrig.)

The Pride of the Yankees

Triple Stumper
    $1000 22
Harrisburg

Janet
    $1000 5
neon

Steven
    $1000 10
bark

Christopher

Scores at the first commercial break (after clue 15):

Janet Christopher Steven
$4,000 $1,200 $2,000

Scores at the end of the Jeopardy! Round:

Janet Christopher Steven
$5,800 $1,000 $5,600

Double Jeopardy! Round responses

SHAKESPEAREAN OPERAS
(Alex: You have to tell us the Shakespeare play that the operas are based on.)
CLASSIC YUMMY ROCKERS
REBELS WITH A CAUSE
TRADITIONAL ANNIVERSARY GIFTS
ARCHITECTS
"Z" IS FOR...
    $400 1
The Tempest

Christopher
    $400 9
Bread

Christopher
    $400 5
(Christopher: What is Russia?)

Poland

ChristopherSteven
    $400 16
wool

Janet
    $400 26
(the) Getty (Center)

Janet
    $400 21
zoology

Steven
    $800 2
The Merchant of Venice

Christopher
    $800 10
Meat Loaf

Janet
    $800 6
property

Steven
    $800 17
Pottery

Steven
    $800 27
Frank Lloyd Wright

Triple Stumper
    $800 22
a zither

Christopher
    $1200 3
A Midsummer Night's Dream

Steven
    $1200 11
Humble Pie

Triple Stumper
    $1200 7
Burma

Christopher
    $1200 18
ivory

Steven
    $1200 28
I.M. Pei

Christopher
    $1200 23
zoot suit

Christopher
    $2,000 4
(Steven: What is Romeo and Juliet?)

Much Ado About Nothing

Steven
    $1600 12
The Flying Burrito Brothers

Steven
    $2,000 14
the House of Stuart

Steven
    $1600 19
silk

Steven
    $1600 30
Christopher Wren

Janet
    $1600 25
Zanzibar

Janet
    $2000 8
The Merry Wives of Windsor

Janet
    $2000 13
Pearl Jam

Triple Stumper
    $2000 15
Peru

Steven
    $2000 20
(Christopher: What is amber?)

coral

JanetChristopher
    $2000 29
Albert Speer

Steven
    $2000 24
a ziggurat

Janet

Scores at the end of the Double Jeopardy! Round:

Janet Christopher Steven
$16,600 $4,600 $17,600

[wagering suggestions for these scores]

Final Jeopardy! Round responses

PHYSICS
ChristopherWhat is a proton & a photon?
$4,599
JanetWhat is a proton + positron +
$1,001
StevenWhat is proton and photon?
$9,100
a proton & a photon

Final scores:

Janet Christopher Steven
$15,599 $9,199 $26,700
2nd place: $2,000 3rd place: $1,000 New champion: $26,700

Game dynamics:

Coryat scores:

Janet Christopher Steven
$16,200 $4,600 $19,200
17 R
(including 1 DD),
1 W
11 R,
4 W
25 R
(including 1 DD),
3 W
(including 1 DD)

Combined Coryat: $40,000

The J! Archive is created by fans, for fans. The Jeopardy! game show and all elements thereof, including but not limited to copyright and trademark thereto, are the property of Jeopardy Productions, Inc. and are protected under law. This website is not affiliated with, sponsored by, or operated by Jeopardy Productions, Inc. Join the discussion at JBoard.tv.